Catálogo

Vista normal Vista MARC

Entrada Personal Name

Número de registros utilizados en: 1

001 - CONTROL NUMBER

  • control field: 13191

003 - CONTROL NUMBER IDENTIFIER

  • control field: DLC

005 - DATE AND TIME OF LATEST TRANSACTION

  • control field: 20220824101305.0

008 - FIXED-LENGTH DATA ELEMENTS

  • fixed length control field: 820222n| azannaabn |a aaa c

010 ## - LIBRARY OF CONGRESS CONTROL NUMBER

  • LC control number: n 82019171

035 ## - SYSTEM CONTROL NUMBER

  • System control number: (OCoLC)oca00716392

040 ## - CATALOGING SOURCE

  • Original cataloging agency: TxU
  • Language of cataloging: spa
  • Description conventions: rda
  • Transcribing agency: Mx-PuUPA
  • Modifying agency: DLC
  • Modifying agency: OCoLC
  • Modifying agency: CSt
  • Modifying agency: Mx-PuUPA

100 1# - HEADING--PERSONAL NAME

  • Personal name: Ibarrola, María de,

374 ## - OCCUPATION

  • Occupation: Autor

375 ## - GENDER

  • Gender: mujer

377 ## - ASSOCIATED LANGUAGE

  • Language code: spa

400 1# - SEE FROM TRACING--PERSONAL NAME

  • Personal name: De Ibarrola, María

400 1# - SEE FROM TRACING--PERSONAL NAME

  • Personal name: De Ibarrola de Solís, María

400 1# - SEE FROM TRACING--PERSONAL NAME

  • Personal name: Ibarrola de Solís, María de

400 1# - SEE FROM TRACING--PERSONAL NAME

  • Personal name: De Solís, María de Ibarrola

400 1# - SEE FROM TRACING--PERSONAL NAME

  • Personal name: Solís, María de Ibarrola de

400 1# - SEE FROM TRACING--PERSONAL NAME

  • Personal name: Ibarrola Nicolín, María de

670 ## - SOURCE DATA FOUND

  • Source citation: Glazman, R. Diseño de planes de estudios, 1978 (a.e.)
  • Information found: t.p. (María de Ibarrola) p. 7 (María de Ibarrola de Solís)

670 ## - SOURCE DATA FOUND

  • Source citation: Escuela y trabajo en el sector ... 1994:
  • Information found: t.p. (María de Ibarrola) ser. t.p. (María de Ibarrola Nicolín)